000 00864nam a22002777a 4500
001 BR8806943
003 BR-BrBNA
005 20230928093049.0
007 ta
008 230509b bl.||||| |||| 00| 0 por d
040 _aBR-BrBNA
_bpor
_cBiblioteca Nacional de Agricultura
041 _a(Por)
072 _aF06; C10
_b4510
090 _ 4510 BR8806943
110 1 _aIICA, Campos, RJ (Brasil)
_95554
245 1 _aCurso de operador de trator de lamina para sistematizacao de terras para agricultura irrigada. Curso de operador de patrol para sistematizacao de terras para agricultura irrigada. Relatorio final
260 3 _aCampos, RJ (Brasil):
_c1983.
300 _a18 p.
500 _a5 tables
650 _aCULTURA IRRIGADA
650 _aTRATOR
650 _aMAO-DE-OBRA
650 _aCURSO
909 _a202309
_bLucia
_c55
_dLucia Elande
942 _cBK
999 _c42785
_d42785